000 00651nam a2200193Ii 4500
003 JO-AjNU
008 230606s9999||||xx |||||||||||||| ||und||
040 _aJO-AjNU
_beng
_erda
_cJO-AjNU
041 _aeng
050 1 4 _aHD4343.Y68.1983
100 3 _a Youssef,Samir M,
_eauthor
_92943
245 0 0 _aSYSTEM OF MANAGEMENT IN EGYPTIAN PUBLIC ENTERPRISES
264 3 1 _aCairo: Abdel Latif Jameel Center for Middle East Management Studies, 1983
300 _a176p
336 _atext
_btxt
_2rdacontent
337 _aunmediated
_bn
_2rdamedia
338 _avolume
_bnc
_2rdacarrier
650 4 _aGovernment business enterprises--Egypt--Management.
_92944
999 _aE1542
_c1542
_d1542